Kadra reprezentacji Polski w piłce nożnej na MŚ 2022 - Statystyki

Ogólne statystyki
  • Ten quiz został rozwiązany 968 razy
  • Średni wynik to 19 z 26
Statystyki odpowiedzi
Zawodnik Pozycja Klub % Poprawnych
Wojciech Szczęsny Bramkarz Juventus FC
99%
Łukasz Skorupski Bramkarz Bologna FC
94%
Robert Lewandowski Napastnik FC Barcelona
94%
Matty Cash Obrońca Aston Villa FC
93%
Piotr Zieliński Pomocnik SSC Napoli
91%
Arkadiusz Milik Napastnik Juventus FC
90%
Nicola Zalewski Obrońca AS Roma
84%
Karol Świderski Napastnik Charlotte FC
81%
Jan Bednarek Obrońca Aston Villa FC
80%
Kamil Grosicki Pomocnik Pogoń Szczecin
80%
Krzysztof Piątek Napastnik US Salernitana 1919
79%
Damian Szymański Pomocnik AEK FC
75%
Grzegorz Krychowiak Pomocnik Al-Shabab Rijad
75%
Przemysław Frankowski Pomocnik RC Lens
75%
Sebastian Szymański Pomocnik Feyenoord Rotterdam
75%
Bartosz Bereszyński Obrońca UC Sampdoria
71%
Bartłomiej Drągowski Bramkarz Spezia Calcio
70%
Jakub Kamiński Pomocnik VfL Wolfsburg
67%
Kamil Glik Obrońca Benevento Calcio
66%
Jakub Kiwior Obrońca Spezia Calcio
63%
Artur Jędrzejczyk Obrońca Legia Warszawa
59%
Krystian Bielik Pomocnik Birmingham City
45%
Michał Skóraś Pomocnik Lech Poznań
45%
Robert Gumny Obrońca FC Augsburg
42%
Mateusz Wieteska Obrońca Clermont Foot 93
38%
Szymon Żurkowski Pomocnik ACF Fiorentina
33%
Nie znaleziono quizów pasujących do podanych kryteriów
Rozkład punktacji
Procent ludzi z każdym wynikiem
Percentyl według liczby udzielonych odpowiedzi
Twoja historia wyników
Nie rozwiązałeś tego quizu